banner koha

Celulite em codornas (Coturnix coturnix japonica)causada por Escherichia coli: Fatores de virulência, sensibilidade e perfil de resistência antimicrobiana (Registro n. 187562)

MARC details
000 -LÍDER
campo de controle de tamanho fixo 00906nas a2200289 4500
001 - NÚMERO DE CONTROLE
campo de controle BR0700153
003 - IDENTIFICADOR DO NÚMERO DE CONTROLE
campo de controle BR-BrBNA
005 - DATA E HORÁRIO DA ÚLTIMA TRANSAÇÃO
campo de controle 20231205110457.0
007 - CAMPO FIXO DE DESCRIÇÃO FÍSICA--INFORMAÇÃO GERAL
campo de controle de tamanho fixo ta
008 - CAMPO DE DADOS FIXOS--INFORMAÇÃO GERAL
campo de controle de tamanho fixo 230509b bl.|||p| |||| 00| 00por d
040 ## - FONTE DA CATALOGAÇÃO
Instituição da catalogação original BR-BrBNA
Idioma da catalogação por
Instituição que transcreveu o registro Biblioteca Nacional de Agricultura
041 ## - CÓDIGO DE IDIOMA
Código do idioma do texto/trilha sonora ou título diferente (Pt)
072 ## - CÓDIGO DE CATEGORIA DE ASSUNTO
Código de Categoria de Assunto L73
100 1# - ENTRADA PRINCIPAL--NOME PESSOAL
Nome pessoal Brito, B.G. de
100 1# - ENTRADA PRINCIPAL--NOME PESSOAL
Nome pessoal Tamehiro, C.Y.
100 1# - ENTRADA PRINCIPAL--NOME PESSOAL
Nome pessoal Guimarães, I.G.
100 1# - ENTRADA PRINCIPAL--NOME PESSOAL
Nome pessoal Vidotto, M.C.
245 1# - TÍTULO
Título Celulite em codornas (Coturnix coturnix japonica)causada por Escherichia coli: Fatores de virulência, sensibilidade e perfil de resistência antimicrobiana
650 ## - ASSUNTO--TERMO TÓPICO
Cabeçalho tópico ou nome geográfico CODORNA
650 ## - ASSUNTO--TERMO TÓPICO
Cabeçalho tópico ou nome geográfico ESCHERICHIA COLI
650 ## - ASSUNTO--TERMO TÓPICO
Cabeçalho tópico ou nome geográfico PATOGENICIDADE
650 ## - ASSUNTO--TERMO TÓPICO
Cabeçalho tópico ou nome geográfico LESÃO CUTÂNEA
650 ## - ASSUNTO--TERMO TÓPICO
Cabeçalho tópico ou nome geográfico SORO
773 0# - ENTRADA ANALÍTICA
Título Semina (Brazil)
ISSN - International Standard Serial Number ISSN 0101-3742
Partes relacionadas (Mar 2000), v. 21(1) p. 27-32
Número de controle do registro BR0700153
909 ## -
-- 202311
-- Lúcia
-- 55
-- Lúcia Elande
942 ## - ELEMENTOS DE ENTRADA ADICIONADOS (KOHA)
Fonte da classificação ou esquema de arquivamento na estante Classificação AGRIS
Ocultar no OPAC Não
Tipo de material Koha Analítica
Exemplares
Situação do descarte Fonte da classificação ou esquema de arquivamento na estante Situação física Não pode ser emprestado Biblioteca de origem Biblioteca atual Localização na estante Enumeração do periódico / cronologia Total de empréstimos Data de último acesso Número do exemplar Tipo de material Koha Fonte de aquisição
  Classificação AGRIS   Consulta local Biblioteca Nacional de Agricultura - Binagri Biblioteca Nacional de Agricultura - Binagri   (Mar 2000), v. 21(1) p. 27-32   29/11/2023 01 Periódicos Portaria Interministerial nº 164/94

BINAGRI

Telefone: (61)3218-2567/2388/3357/2097 - binagri@agro.gov.br

Ministério da Agricultura e Pecuária , Esplanada dos Ministérios, Bloco D, Anexo B, Brasília/DF, CEP: 70.043-900